|
|
|
|
| LEADER |
01234naa a2200253 i 4500 |
| 001 |
acta85776 |
| 005 |
20241202093302.0 |
| 008 |
241202s2024 hu o 100 hun d |
| 040 |
|
|
|a SZTE Egyetemi Kiadványok Repozitórium
|b hun
|
| 041 |
|
|
|a hun
|
| 100 |
1 |
|
|a Balázs Viktória Lilla
|
| 245 |
1 |
0 |
|a Teafa illóolaj antibakteriális és antifungális hatásának vizsgálata
|h [elektronikus dokumentum] :
|b [absztrakt] /
|c Balázs Viktória Lilla
|
| 260 |
|
|
|a Szegedi Tudományegyetem Móra Ferenc Szakkollégium
|b Szeged
|c 2024
|
| 300 |
|
|
|a 34
|
| 490 |
0 |
|
|a Móra Kárpát-medencei Interdiszciplináris Szakkollégiumi Konferencia
|v 8
|
| 650 |
|
4 |
|a Természettudományok
|
| 650 |
|
4 |
|a Kémiai tudományok
|
| 650 |
|
4 |
|a Biológiai tudományok
|
| 695 |
|
|
|a Mikrobiológia - előadáskivonat, Illóolajok - kémia - előadáskivonat, Fitokémia - előadáskivonat, Teafa - illóolaj - antibakteriális hatás - előadáskivonat
|
| 700 |
0 |
1 |
|a Puskár Lili
|e aut
|
| 700 |
0 |
1 |
|a Ormai Edit
|e aut
|
| 700 |
0 |
1 |
|a Horváth Gyöngyi
|e aut
|
| 711 |
|
|
|a VIII. Móra Kárpát-medencei Interdiszciplináris Szakkollégiumi Konferencia
|c Szeged
|d 2024. november 22-24.
|
| 856 |
4 |
0 |
|u http://acta.bibl.u-szeged.hu/85776/1/morakonf_2024_034.pdf
|z Dokumentum-elérés
|